[Event "LSS RN-2008-0-00171"]
[Site "LSS email"]
[Date "2009.01.03"]
[Round "?"]
[White "Reede, Arvo"]
[Black "Berke, Ernst"]
[Result "0-1"]
[WhiteElo "774"]
[BlackElo "800"]
[PlyCount "60"]
[EventDate "2009.01.01"]
[EventType "tourn (corr)"]
[EventRounds "6"]
[EventCountry "GER"]
[SourceTitle "Corr 2011"]
[Source "ChessBase"]
[SourceDate "2010.08.31"]
[SourceVersion "1"]
[SourceVersionDate "2010.08.31"]
[SourceQuality "1"]

1. e4 e5 2. Nf3 Nc6 3. Bb5 Bc5 4. 0-0 Nd4 5. Nxd4 Bxd4 6. c3 Bb6 7. d4 c6 8. Ba4 d6 9. d5 Ne7 10. Be3 0-0 11. Qd3 cxd5 12. exd5 Bf5 13. Qd2 Bxe3 14. Qxe3 Nxd5 15. Qg3 Nf4 16. Qe3 Bh3 17. gxh3 Qg5+ 18. Qg3 Ne2+ 19. Kg2 Nxg3 20. hxg3 h5 21. Na3 h4 22. Rad1 hxg3 23. fxg3 f5 24. Nc2 f4 25. Bb3+ Kh7 26. g4 Qh4 27. Rxd6 Qg3+ 28. Kh1 Qxh3+ 29. Kg1 Qg3+ 30. Kh1 f3 0-1

[Event "LSS OP-2008-0-00706"]
[Site "LSS email"]
[Date "2008.12.27"]
[Round "?"]
[White "Lanier, Jeff"]
[Black "Berke, Ernst"]
[Result "0-1"]
[WhiteElo "827"]
[BlackElo "1233"]
[PlyCount "22"]
[EventDate "2008.12.26"]
[EventType "tourn (corr)"]
[EventRounds "4"]
[EventCountry "GER"]
[SourceTitle "Corr 2015"]
[Source "ChessBase"]
[SourceDate "2015.07.17"]
[SourceVersion "1"]
[SourceVersionDate "2015.07.17"]
[SourceQuality "1"]

1. e4 e5 2. Nf3 Nc6 3. Bc4 Bc5 4. a3 Nf6 5. Ng5 0-0 6. d3 h6 7. Nh3 d5 8. exd5 Bg4 9. f3 Bxh3 10. gxh3 Nxd5 11. Bd2 Qh4+ 0-1